Krátkodobý vplyv rozpočtových vzťahov s EÚ na slovenskú ekonomiku
S členstvom Slovenska v Európskej únii úzko súvisí aj naša spoluúčasť na realizácii politík EÚ a prepojenosť domácich a európskych verejných financií. Príjmy SR tak predstavujú z pohľadu rozpočtu EÚ výdavky na realizáciu vlastných politík v členskom štáte. Aktuálne najvýznamnejšími príjmami SR sú vý...
Guardado en:
| Autor principal: | |
|---|---|
| Otros Autores: | |
| Formato: | Capítulo de libro |
| Lenguaje: | eslovaco |
| Materias: | |
| Etiquetas: |
Sin Etiquetas, Sea el primero en etiquetar este registro!
|
MARC
| LEADER | 00000naa a2200000 4500 | ||
|---|---|---|---|
| 001 | 0151260 | ||
| 005 | 20231116091508.1 | ||
| 041 | 0 | |a slo | |
| 044 | |a SK | ||
| 245 | 1 | 0 | |a Krátkodobý vplyv rozpočtových vzťahov s EÚ na slovenskú ekonomiku |c Marián Labaj, Slivia Oleárová |
| 520 | |a S členstvom Slovenska v Európskej únii úzko súvisí aj naša spoluúčasť na realizácii politík EÚ a prepojenosť domácich a európskych verejných financií. Príjmy SR tak predstavujú z pohľadu rozpočtu EÚ výdavky na realizáciu vlastných politík v členskom štáte. Aktuálne najvýznamnejšími príjmami SR sú výdavky EÚ na politiku súdržnosti a spoločnú poľnohospodársku politiku. Na druhej strane významnú časť zdrojov Slovensko odvádza do spoločného rozpočtu EÚ. Uvedené vplýva na ekonomiku a postupnou akceleráciou čerpania štrukturálnych fondov naberá tento vplyv na význame. | ||
| 610 | 2 | 0 | |a politika rozpočtová |
| 610 | 2 | 0 | |a fondy štruktúrne |
| 610 | 2 | 0 | |a Európska únia |
| 610 | 2 | 0 | |a Slovensko |
| 610 | 2 | 0 | |a rozpočet spoločný |
| 100 | 1 | |a Labaj, Marián | |
| 700 | 1 | |a Oleárová, Slivia | |